|
|
|
|
| LEADER |
01549nam a22003854a 4500 |
| 001 |
35609 |
| 003 |
BD-DhAAL |
| 005 |
20211206114936.0 |
| 008 |
200226r20051999enk b 001 0 eng d |
| 999 |
|
|
|c 42246
|d 42246
|
| 010 |
|
|
|a 2001268848
|
| 020 |
|
|
|a 1853963925
|
| 020 |
|
|
|a 1853964433
|
| 020 |
|
|
|a 9781853963926
|
| 040 |
|
|
|a DLC
|c DLC
|d DLC
|d BD-DhAAL
|
| 042 |
|
|
|a pcc
|
| 043 |
|
|
|a e-uk---
|
| 050 |
0 |
0 |
|a LB1028.24
|b .M53 1999
|
| 082 |
|
|
|a 370.72
|2 21
|
| 100 |
1 |
|
|a Middlewood, David.
|9 39448
|
| 245 |
1 |
0 |
|a Practitioner research in education :
|b making a difference /
|c David Middlewood, Marianne Coleman, and Jacky Lumby.
|
| 260 |
|
|
|a London :
|b Paul Chapman Publishing ;
|a Thousand Oaks, Calif. :
|b Sage Publications,
|c c1999 [reprinted 2005]
|
| 300 |
|
|
|a xii, 179 pages ;
|c 24 cm.
|
| 490 |
|
|
|a Educational management: research and practice
|
| 504 |
|
|
|a Includes bibliographical references (pages 172-177) and index.
|
| 526 |
|
|
|a BIED
|
| 541 |
|
|
|a Complimentary copy from BIED
|e 35609
|
| 650 |
|
0 |
|a Education
|x Research.
|9 39602
|
| 650 |
|
0 |
|a Action research in education
|z Great Britain.
|9 39603
|
| 700 |
1 |
|
|a Coleman, Marianne.
|9 39451
|
| 700 |
1 |
|
|a Lumby, Jacky.
|9 39452
|
| 830 |
|
|
|a Educational management : research and practice
|9 39604
|
| 852 |
|
|
|a Ayesha Abed Library
|c BIED Collection
|
| 942 |
|
|
|2 ddc
|c BK
|
| 952 |
|
|
|0 0
|1 0
|2 ddc
|4 0
|6 370_720000000000000_MID
|7 0
|9 68063
|a BRACUL
|b BRACUL
|c GEN
|d 2020-03-01
|e Complimentary copy from BIED
|l 0
|o 370.72 MID
|p 3010035609
|r 2020-03-01
|t 1
|w 2020-03-01
|y BK
|x Transferred from BIED to General Stacks
|